000 00404nam a22001697a 4500
005 20160630153836.0
008 160630b xxu||||| |||| 00| 0 eng d
020 _a978-81-3176162-5
041 _aeng
082 _b20049
100 _aParashivamurthy, K I
_93327
245 _aMaterial Science & Metallurgy
260 _bPearson
300 _a258
650 _aDiploma Engineering
_9817
942 _cBK
999 _c4969
_d4967